00845nam a2200241 i 4500001000300000003000400003005001700007008004100024015001800065020001500083040001400098041001800112080002500130100003900155245006100194260004500255300007500300546002600375650004300401650003200444710002900476856009800505bgBPK20211115142212.0991014s1999 pl a |000 0 pol  aPB 1999/16277 a8390689804 aWA NcBPK0 apolbengbger a659.1(438)"1989/..."1 aWasilewski, Piotrd(1956- )eAutor10aPionierzy i tytani polskiej reklamy /cPiotr Wasilewski. a[Kraków] :bAgencja Wasilewski,c1999. a439, [1] s. :bfaks., fot. (gł. kolor.), portr., wykr. ;c25 x 26 cm. aStreszcz. ang., niem. 4aReklamaxbiografiezPolskayod 1989 r. 4aReklamazPolskayod 1989 r.2 aAgencja Wasilewski4pbl. uhttp://koha.tu.koszalin.pl/cgi-bin/koha/opac-detail.pl?biblionumber=35739yKatalog online BPK